[Event "ROM-ch U12 Girls"]
[Site "Calimanesti Caciulata"]
[Date "2016.04.22"]
[Round "6"]
[White "Braga, Anastasia Gabriela"]
[Black "Enachi, Alisa Francesca"]
[Result "0-1"]
[WhiteElo "1001"]
[BlackElo "1038"]
[PlyCount "82"]
[EventDate "2016.04.18"]
[EventType "swiss"]
[EventRounds "9"]
[EventCountry "ROU"]
[SourceTitle "CBM 172 Extra"]
[Source "ChessBase"]
[SourceDate "2016.06.21"]
[SourceVersion "1"]
[SourceVersionDate "2016.06.21"]
[SourceQuality "1"]

1. e4 c5 2. Nf3 Nc6 3. Nc3 e6 4. d3 Qc7 5. g3 Nf6 6. Bg2 Be7 7. 0-0 d5 8. Bf4 Qd8 9. a3 0-0 10. Bg5 b6 11. e5 Nd7 12. Bxe7 Qxe7 13. b4 Ncxe5 14. Nxe5 Nxe5 15. d4 Nc6 16. Re1 cxd4 17. Nxd5 Qd6 18. Ne3 Rd8 19. Be4 dxe3 20. Qh5 exf2+ 21. Kxf2 g6 22. Qf3 Qd4+ 23. Kg2 Bb7 24. Rf1 f5 25. Rae1 Kf7 26. Qg4 Kg7 27. Qh4 fxe4 28. Rxe4 Qd7 29. Qf6+ Kg8 30. Kg1 Rf8 31. Qg5 Rxf1+ 32. Kxf1 Qd1+ 33. Kf2 Qxc2+ 34. Ke3 Qc1+ 35. Kd3 Qxg5 36. Rxe6 Qf5+ 37. Re4 Nxb4+ 38. Kd4 Qxe4+ 39. Kc3 Rc8+ 40. Kd2 Rc2+ 41. Kd1 Qe2# 0-1

[Event "ROM-ch U12 Girls"]
[Site "Calimanesti Caciulata"]
[Date "2016.04.21"]
[Round "4"]
[White "Serbanoiu, Ana Maria"]
[Black "Braga, Anastasia Gabriela"]
[Result "1-0"]
[WhiteElo "1001"]
[BlackElo "1001"]
[PlyCount "111"]
[EventDate "2016.04.18"]
[EventType "swiss"]
[EventRounds "9"]
[EventCountry "ROU"]
[SourceTitle "CBM 172 Extra"]
[Source "ChessBase"]
[SourceDate "2016.06.21"]
[SourceVersion "1"]
[SourceVersionDate "2016.06.21"]
[SourceQuality "1"]

1. e4 e5 2. Nf3 Nc6 3. d4 exd4 4. Nxd4 Nxd4 5. Qxd4 Nf6 6. e5 Qe7 7. Be2 c5 8. Qe3 Nd5 9. Qg5 Qe6 10. Qg3 Be7 11. Qxg7 Rf8 12. Bg4 Qc6 13. Qh6 Qa4 14. b3 Qxg4 15. Qxh7 b6 16. Bh6 Ba6 17. c4 Qd4 18. Bxf8 Bxf8 19. cxd5 Qxa1 20. a4 Qa2 21. Nc3 Qa1+ 22. Nb1 Qb2 23. Nd2 Qxe5+ 24. Qe4 Bd6 25. f3 f6 26. Kf2 Be7 27. Qg6+ Kd8 28. Qg8+ Kc7 29. Qxa8 Qe2+ 30. Kg3 Bd6+ 31. Kg4 Bc8 32. Qxa7+ Bb7 33. Nc4 Qxg2+ 34. Kh4 Qg5+ 35. Kh3 Qxd5 36. Qxb6+ Kc8 37. Nxd6+ Kb8 38. Qxb7+ Qxb7 39. Nxb7 Kxb7 40. Re1 d6 41. Kg4 Kc6 42. h4 d5 43. Re6+ Kd7 44. Rxf6 d4 45. Rf5 Kd6 46. Kf4 d3 47. Ke4 c4 48. Rd5+ Ke6 49. bxc4 d2 50. Rxd2 Kf6 51. c5 Kg6 52. c6 Kh5 53. c7 Kh6 54. c8Q Kg6 55. Rd5 Kf6 56. Qc6+ 1-0